TEXTBOOK OF PHARMACOGNOSY (vol-II) (Record no. 6170)

MARC details
000 -LEADER
fixed length control field 00436nam a22001817a 4500
005 - DATE AND TIME OF LATEST TRANSACTION
control field 20210826133807.0
008 - FIXED-LENGTH DATA ELEMENTS--GENERAL INFORMATION
fixed length control field 200319b xxu||||| |||| 00| 0 eng d
020 ## - INTERNATIONAL STANDARD BOOK NUMBER
ISBN 9788123923895
041 ## - LANGUAGE CODE
Language code of text/sound track or separate title eng
082 ## - DEWEY DECIMAL CLASSIFICATION NUMBER
Classification number 615.1
100 ## - MAIN ENTRY--AUTHOR NAME
Personal name NARAYANA, P SURESH
245 ## - TITLE STATEMENT
Title TEXTBOOK OF PHARMACOGNOSY (vol-II)
250 ## - EDITION STATEMENT
Edition statement 1st, Ed.
260 ## - PUBLICATION, DISTRIBUTION, ETC. (IMPRINT)
Place of publication NEW DELHI
Name of publisher CBS
Year of publication 2019
300 ## - PHYSICAL DESCRIPTION
Number of Pages 539p;vii
650 ## - SUBJECT ADDED ENTRY--TOPICAL TERM
Topical Term PHARMACY
942 ## - ADDED ENTRY ELEMENTS (KOHA)
Koha item type Books
Holdings
Lost status Damaged status Collection code Home library Current library Shelving location Date acquired Source of acquisition Cost, normal purchase price Full call number Accession Number Koha item type
    PHARMACY JRU Library JRU Library Shelf - 25- C 19/03/2020 PURCHESS 325.00 615.1 23861 Books